Responses for Show #2952 - Tuesday, June 3, 1997

Lyn Payne game 5.

Contestants

[<< previous game]

Brad Miliauskas, a claims representative from Woodbridge, Virginia

Stephen Heuser, an editor and writer from Boston, Massachusetts

Lyn Payne, a librarian from Orlando, Florida (whose 4-day cash winnings total $55,002)

[next game >>]

Jeopardy! Round responses

FAMOUS FIRSTS
U.S. GEOGRAPHY
WOMEN IN SPORTS
ROCK COLLECTING
THE 1940s
"X", "Y", "Z"
    $100 4
Antarctica

Lyn
    $100 19
Kentucky

Brad
    $100 28
gymnastics

Brad
    $100 2
hammers

Stephen
    $100 8
18

Stephen
    $100 21
yolk

Lyn
    $200 14
horses

Lyn
    $200 12
Michigan

Lyn
    $200 27
Florence Griffith Joyner

Lyn
    $200 3
rockhound

Brad
    $200 7
United Nations

Stephen
    $200 16
Zen

Stephen
    $300 23
mothers

Lyn
    $300 18
Hartford

Brad
    $300 9
Nancy Lopez

Stephen
    $300 30
hydrochloric acid

Stephen
    $300 1
Congress of Racial Equality

Stephen
    $300 17
Yale

Stephen
    $400 15
(Lyn: Who is Kellogg?)

Charles William Post

LynBrad
    $400 11
Louisiana

Brad
    $400 10
Gabriela Sabatini

Lyn
    $400 26
polishing

Triple Stumper
    $400 5
Winston Churchill

Lyn
    $400 20
xylophone

Brad
    $500 24
fillibuster

Stephen
    $500 13
Acadia National Park

Brad
    $500 25
(Alex: We have about a minute left.)

Julie Krone

Triple Stumper
    $500 29
fluorescence

Stephen
    $500 6
HUAC (House Un-American Activities Committee)

Lyn
    $1,000 22
Zambezi River

Lyn

Scores at the first commercial break (after clue 15):

Lyn Stephen Brad
$1,400 $1,000 $1,500

Scores at the end of the Jeopardy! Round:

Lyn Stephen Brad
$3,000 $2,800 $2,400

Double Jeopardy! Round responses

HISTORY
WORD ORIGINS
MAGAZINES
ANIMALS
REGIONS OF THE WORLD
BOOKS INTO MOVIES
    $200 30
Dr. David Livingstone

Brad
    $200 29
mustang

Stephen
    $200 25
(Lyn: What is Yale?)

Alumni

LynStephen
    $200 28
black mamba

Triple Stumper
    $200 10
Jordan River

Brad
    $200 16
Genesis

Brad
    $400 12
Genghis Khan

Lyn
    $400 18
thesaurus

Stephen
    $400 24
poetry

Lyn
    $400 27
(Brad: What is roe?)
(Alex: Roe are the eggs.)

Sturgeon

StephenBrad
    $400 8
France & Germany

Stephen
    $400 3
Tom Jones

Lyn
    $600 13
NATO (North Atlantic Treaty Organization)

Lyn
    $600 11
paparazzi

Brad
    $600 20
zine

Stephen
    $600 7
spoonbill

Lyn
    $600 5
(Lyn: What is the Yucatan?)

Baja California

Lyn
Triple Stumper
    $600 1
(Brad: What is "True Lies?")

Sleepers

Brad
Triple Stumper
    $800 14
the Hanseatic League

Brad
    $800 17
(Brad: What are warlords?)

tycoons

Brad
Triple Stumper
    $800 21
conservatism

Lyn
    $800 23
Maltese

Lyn
    $800 6
Italy

Stephen
    $800 2
[Stephen responding with a Jeff Spicoli imitation!]

Fast Times at Ridgemont High

Stephen
    $2,000 15
John ("John Lackland", "Poor John")

Brad
    $1,500 19
(Stephen: What is ex parte?)

alibi

Stephen
    $1000 22
Wired

Stephen
    $1000 26
(Alex: You might have had one when you were much younger.)

hamster

Triple Stumper
    $1000 9
Manchuria

Triple Stumper
    $1000 4
Jules et Jim

Stephen

Scores at the end of the Double Jeopardy! Round:

Lyn Stephen Brad
$6,200 $7,100 $4,600

[wagering suggestions for these scores]

Final Jeopardy! Round responses

AMERICAN BALLET
(Alex: Choreographed by Agnes de Mille.)
...
(Alex: Stephen, you're the new Jeopardy! champion, we'll see you tomorrow, and Lyn, we'll probably see you in the Tournament of Champions.)
BradWhat is Rodeo? Hi, Sara!
$4,000
LynWhat is Rodeo?
$1,000
StephenWhat is Rodeo?
$5,301
Rodeo

Final scores:

Lyn Stephen Brad
$7,200 $12,401 $8,600
3rd place: a Motorola Star-Tac Cellular Phone New champion: $12,401 2nd place: a trip to Couples Resort, Jamaica

Game dynamics:

Coryat scores:

Lyn Stephen Brad
$5,700 $8,600 $3,600
17 R
(including 1 DD),
3 W
20 R,
1 W
(including 1 DD)
14 R
(including 1 DD),
3 W

Combined Coryat: $17,900

[game clues] [game scores] [suggest correction]

Game tape date: 1997-01-28
The J! Archive is created by fans, for fans. Scraping, republication, monetization, and malicious use prohibited; this site may use cookies and collect identifying information. See terms. The Jeopardy! game show and all elements thereof, including but not limited to copyright and trademark thereto, are the property of Jeopardy Productions, Inc. and are protected under law. This website is not affiliated with, sponsored by, or operated by Jeopardy Productions, Inc. Join the discussion at JBoard.tv.